| 000 | 00459nam a2200169 i 4500 | ||
|---|---|---|---|
| 001 | 19766 | ||
| 003 | ES-MaACL | ||
| 005 | 20230906152148.0 | ||
| 007 | t| | ||
| 008 | 021011s1961 sp ||||1| gao d | ||
| 100 | 1 |
_aAbuín de Tembra, Avelino, _d1931-2009 _918191 |
|
| 245 | 1 | 0 |
_aCamiños / _cAvelino Abuín de Tembra. |
| 260 |
_aSantiago : _bAtlas, _c1961. |
||
| 300 |
_a16 p. ; _c18 cm. |
||
| 852 |
_aES-MaACL _j2025-F-13 _bR.49722 |
||
| 999 |
_c19766 _d19766 |
||